| 000 | 01119nam a22003377a 4500 | ||
|---|---|---|---|
| 001 | 000105457 | ||
| 003 | CHAP | ||
| 005 | 20220329143806.0 | ||
| 008 | 110824s1979 is a r 00010 spa d | ||
| 010 | _a101919 | ||
| 011 | _a102891 | ||
| 035 | _a113580 | ||
| 040 | _cCHAP | ||
| 082 | 0 | 4 |
_a631.587 _bE64 |
| 245 | 0 | 0 |
_aEquipos y sistemas de irrigación / _c/editado por Rafi Glick. |
| 260 |
_aTel Aviv, Israel : _bInstituto de Exportaciones de Israel : _bMinisterio de Comercio e Industria, _c1979. |
||
| 300 |
_a98 p. : _bilus. |
||
| 590 |
_aBATCH-UPD _b10 _c20130110 _lUCH01 _h1600 |
||
| 590 |
_aBATCH-UPD _b10 _c20130410 _lUCH01 _h0957 |
||
| 590 |
_aBATCH-UPD _b10 _c20130914 _lUCH01 _h1123 |
||
| 590 |
_aCONVERSION _b10 _c20130109 _lUCH01 _h1356 |
||
| 590 |
_aE11695DGD _b10 _c20150330 _lUCH01 _h1407 |
||
| 650 | 1 | 4 |
_aCultivos _xRendimiento. _930318 |
| 650 | 1 | 4 |
_aIrrigación _xImplementos y maquinaria. _960421 |
| 650 | 1 | 4 |
_aRiego de superficie. _997372 |
| 700 | 1 |
_aGlick, Rafi _948280 |
|
| 901 | _aBK | ||
| 942 | _cLIBRO | ||
| 942 | _n0 | ||
| 949 |
_a631.587 Eq56 _bBC _cLIBRO _d33724002304785 _eLIBRO _h115664 _i113580 _sb |
||
| 999 |
_c101919 _d101919 |
||